| 000 | 00813nam a2200265 a 4500 | ||
|---|---|---|---|
| 001 | 000014641 | ||
| 005 | 20250211114738.0 | ||
| 008 | 100116s1996 mx d 000 0 spa d | ||
| 020 | _a968664086X | ||
| 040 |
_aDO-SdBNP _bspa _cBNPHU |
||
| 082 |
_a305.235 _bR788y |
||
| 100 | 1 |
_aRosa, María Eugenia de la, _933177 |
|
| 245 | 1 | 0 |
_aYo soy... / _cMaría Eugenia de la Rosa. |
| 260 |
_aMéxico : _bplaneta, _c1996. |
||
| 300 |
_a132, [1] p. : _bdiagramas ; _c21 cm. |
||
| 490 | 1 | _aTestimonios | |
| 500 | _aLa biblioteca posee la 1a reimpresión de Ariel México del 1997 | ||
| 650 | 4 |
_aAdolescentes _933178 |
|
| 650 | 0 |
_aFamilias _9795 |
|
| 650 | 4 |
_aJovenes _xConsumo de drogas _933179 |
|
| 650 | 4 |
_aAutoestima en la adolescencia _9385 |
|
| 650 | 4 |
_aSexo _91690 |
|
| 830 | 0 |
_aTestimonios _91293 |
|
| 049 | _aBNGR | ||
| 999 |
_c14225 _d14225 |
||